|
|
|
|
| LEADER |
01073nam a2200265 a 4500 |
| 001 |
2936840 |
| 008 |
111211t19901989gauaf b s001 0beng d |
| 010 |
|
|
|a 89212727
|
| 020 |
|
|
|a 0820312215
|
| 020 |
|
|
|a 9766050899
|
| 020 |
|
|
|a 9766050880
|
| 040 |
|
|
|a DLC
|c DLC
|d DLC
|d BD-DhAAL
|
| 082 |
0 |
0 |
|a 972.9206/092
|a B
|2 20
|
| 100 |
1 |
|
|a Levi, Darrell E.
|
| 245 |
1 |
0 |
|a Michael Manley :
|b the making of a leader /
|c Darrell E. Levi.
|
| 260 |
|
|
|a Athens :
|b University of Georgia Press ;
|a Kigstone :
|b Heinemann Publishers,
|c 1990, c1989.
|
| 300 |
|
|
|a 349 p., [16] p. of plates :
|b ill. ;
|c 24 cm.
|
| 504 |
|
|
|a Includes bibliographical references (p. 328-336).
|
| 541 |
1 |
|
|e 00023959
|
| 600 |
1 |
0 |
|a Manley, Michael,
|d 1924-
|
| 651 |
|
0 |
|a Jamaica
|x Politics and government
|y 1962-
|
| 650 |
|
0 |
|a Prime ministers
|z Jamaica
|x Biography.
|
| 852 |
1 |
|
|a James P. Grant School of Public Health (JPGSPH)
|
| 999 |
|
|
|c 11582
|d 11582
|
| 952 |
|
|
|0 0
|1 0
|2 ddc
|4 0
|6 972_920609200000000_LEV
|7 0
|9 18847
|a JPGSPH
|b JPGSPH
|d 2011-12-11
|e School of Public Helath
|l 0
|o 972.9206092 LEV
|p 3060023959
|r 2011-12-13
|t 1
|w 2011-12-13
|y BK
|